000
00339nam a22001457a 4500
008
221006b ||||| |||| 00| 0 eng d
020
_a
0781721229
041
_a
eng
080
_2
fifth edition
_a
610.73
082
_a
610.73 ALLE
100
_a
5
101
_a
INF
245
_a
COMMUNITY HEALTH NURSING
_c
ALLENDER .A.J
942
_2
udc
_c
BK
999
_c
58386
_d
58386